| 000 | 01017nam a2200277 a 4500 | ||
|---|---|---|---|
| 001 | 000020883 | ||
| 005 | 20200930011201.0 | ||
| 008 | 100821s1999 mx r 000 0 spa d | ||
| 020 | _a9681905946 | ||
| 040 |
_aDO-SdBNP _bspa _cBNPHU |
||
| 041 | 1 | 7 |
_aspa _hfre |
| 082 |
_a843.914 _bD438m |
||
| 100 | 1 |
_aDerrida, Jacques, _d1930-2004 _943770 |
|
| 240 | 1 | 4 |
_aLes morts de Roland Barthes. _lEspañol. |
| 245 | 1 | 4 |
_aLas muertes de Roland Barthes / _cJacques Derrida ; traducción y prólogo de Raymundo Mier. |
| 260 |
_aMéxico : _bTaurus, _c1999. |
||
| 300 |
_a108 p. ; _c19 cm. |
||
| 490 | 1 | _aLa huella del otro | |
| 504 | _aIncluye referencias bibliográficas y notas al pie de las páginas. | ||
| 534 |
_pTítulo original en francés: _tLes morts de Roland Barthes ; _cEditions du Seuil, _fPoètique núm. 47. |
||
| 650 | 4 |
_aCuentos franceses _913634 |
|
| 650 | 4 |
_aLiteratura francesa _ySIGLO XX _94232 |
|
| 700 | 1 |
_aMier, Raymundo, _etr. ; _epról. _943771 |
|
| 830 | 3 |
_aLa huella del otro _943772 |
|
| 049 | _aBNGR | ||
| 999 |
_c20386 _d20386 |
||